ბათუმის შოთა რუსთაველის სახელმწიფო უნივერსიტეტის ბიბლიოთეკა

თხზულებანი 4 ტომად. (ბიბ.ჩანაწერი № 40711)

000 -LEADER
fixed length control field 01060nam a2200217Ia 4500
001 - CONTROL NUMBER
control field 7347
003 - CONTROL NUMBER IDENTIFIER
control field GE_BSU
008 - FIXED-LENGTH DATA ELEMENTS--GENERAL INFORMATION
fixed length control field 181216s||||||||xx |||||||||||||| ||und||
020 ## - INTERNATIONAL STANDARD BOOK NUMBER
International Standard Book Number 9992898968
040 ## - CATALOGING SOURCE
Transcribing agency GE_BSU
080 ## - UNIVERSAL DECIMAL CLASSIFICATION NUMBER
Universal Decimal Classification number 821.353.1
100 ## - MAIN ENTRY--PERSONAL NAME
Personal name ღვინჯილია ჯანსუღ
245 ## - TITLE STATEMENT
Title თხზულებანი 4 ტომად.
245 ## - TITLE STATEMENT
Remainder of title ტ. 4. ქართლოსის საფლავი (რომანი). განსაცდელი – ოცდამეერთე საუკუნე (დაუმთავრებელი რომანი). უკანასკნელი წლების პუბლიკაციები და ჩანაწერები. ინტერვიუ. შტრიხები პორტრეტებისათვის.
260 ## - PUBLICATION, DISTRIBUTION, ETC.
Place of publication, distribution, etc. თბილისი.
260 ## - PUBLICATION, DISTRIBUTION, ETC.
Name of publisher, distributor, etc. საქართველო.
260 ## - PUBLICATION, DISTRIBUTION, ETC.
Date of publication, distribution, etc. 2005.
300 ## - PHYSICAL DESCRIPTION
Extent 1026 გვ.; 22 სმ.
653 ## - INDEX TERM--UNCONTROLLED
Uncontrolled term თხზულებანი 4 ტომად.
942 ## - ADDED ENTRY ELEMENTS (KOHA)
Koha item type წიგნი
ეგზემპლარები
Withdrawn status Lost status Damaged status Not for loan Date acquired Barcode Date last seen Price effective from Koha item type
        2018-12-17 18667 2018-12-17 2018-12-17 წიგნი